[Event "BL2-Sued 0708"]
[Site "Germany"]
[Date "2008.03.09"]
[Round "7.1"]
[White "Cvek, Robert"]
[Black "Niklasch, Oliver"]
[Result "1-0"]
[WhiteElo "2534"]
[BlackElo "2406"]
[PlyCount "71"]
[EventDate "2007.10.21"]
[EventType "team-tourn"]
[EventRounds "9"]
[EventCountry "GER"]
[SourceTitle "EXT 2009"]
[Source "ChessBase"]
[SourceDate "2008.11.26"]
[SourceVersion "1"]
[SourceVersionDate "2008.11.26"]
[SourceQuality "1"]
[WhiteTeam "Bann"]
[BlackTeam "Schmiden Cannstatt"]
[WhiteTeamCountry "GER"]
[BlackTeamCountry "GER"]

1. Nf3 Nf6 2. c4 e6 3. Nc3 d5 4. d4 Bb4 5. e3 0-0 6. Bd3 c5 7. 0-0 Nc6 8. a3 Bxc3 9. bxc3 dxc4 10. Bxc4 Qc7 11. Qe2 e5 12. h3 b6 13. Bb2 Bb7 14. Ba2 e4 15. Nd2 Rad8 16. Rfd1 Rfe8 17. Nf1 Na5 18. c4 Ba6 19. d5 Qe7 20. Ng3 Rxd5 21. Rxd5 Nxd5 22. Bxg7 Qg5 23. Bb2 Nf6 24. Rd1 Nc6 25. Qc2 Qg6 26. Rd6 Re6 27. Rxe6 fxe6 28. Qa4 Bb7 29. Qd1 Ne7 30. Qd6 Kf7 31. Qc7 Bc6 32. Qxa7 Nd7 33. Qc7 Ke8 34. Bb3 Qg5 35. Bc2 Qh4 36. Bd1 1-0

[Event "BL2-Sued 0708"]
[Site "Germany"]
[Date "2008.02.10"]
[Round "6.1"]
[White "Niklasch, Oliver"]
[Black "Gasthofer, Alexander"]
[Result "1/2-1/2"]
[WhiteElo "2406"]
[BlackElo "2466"]
[PlyCount "33"]
[EventDate "2007.10.21"]
[EventType "team-tourn"]
[EventRounds "9"]
[EventCountry "GER"]
[SourceTitle "EXT 2009"]
[Source "ChessBase"]
[SourceDate "2008.11.26"]
[SourceVersion "1"]
[SourceVersionDate "2008.11.26"]
[SourceQuality "1"]
[WhiteTeam "Schmiden Cannstatt"]
[BlackTeam "Bad Mergentheim"]
[WhiteTeamCountry "GER"]
[BlackTeamCountry "GER"]

1. d4 Nf6 2. c4 g6 3. Nc3 Bg7 4. e4 d6 5. h3 c5 6. d5 0-0 7. Bg5 b5 8. cxb5 a6 9. Qd2 Qa5 10. bxa6 Nbd7 11. Nf3 Rb8 12. Rb1 Rb4 13. Bd3 Bxa6 14. 0-0 Rfb8 15. Bxa6 Qxa6 16. Rfe1 Qb7 17. b3 1/2-1/2

[Event "BL2-Sued 0708"]
[Site "Germany"]
[Date "2007.11.25"]
[Round "3.1"]
[White "Niklasch, Oliver"]
[Black "Zueger, Beat"]
[Result "0-1"]
[WhiteElo "2406"]
[BlackElo "2384"]
[PlyCount "116"]
[EventDate "2007.10.21"]
[EventType "team-tourn"]
[EventRounds "9"]
[EventCountry "GER"]
[SourceTitle "EXT 2009"]
[Source "ChessBase"]
[SourceDate "2008.11.26"]
[SourceVersion "1"]
[SourceVersionDate "2008.11.26"]
[SourceQuality "1"]
[WhiteTeam "Schmiden Cannstatt"]
[BlackTeam "Schwegenheim"]
[WhiteTeamCountry "GER"]
[BlackTeamCountry "GER"]

1. d4 Nf6 2. c4 g6 3. g3 Bg7 4. Bg2 0-0 5. Nc3 d6 6. Nf3 a6 7. 0-0 c6 8. e4 Bg4 9. h3 Bxf3 10. Bxf3 Nfd7 11. Be3 c5 12. dxc5 dxc5 13. e5 Nxe5 14. Bxb7 Ra7 15. Qb3 Nxc4 16. Qxc4 Rxb7 17. Bxc5 Qc8 18. Rae1 Nd7 19. b4 Nxc5 20. bxc5 Bxc3 21. Qxc3 Qxh3 22. c6 Rb5 23. Re5 Rxe5 24. Qxe5 Qe6 25. Qc5 Rc8 26. Rc1 h5 27. a4 h4 28. gxh4 Qg4+ 29. Kf1 Qxh4 30. c7 Qh1+ 31. Ke2 Qe4+ 32. Kf1 Kg7 33. Rc4 Qh1+ 34. Ke2 Qh5+ 35. Ke3 Qxc5+ 36. Rxc5 Kf6 37. Kd4 Ke6 38. Rc6+ Kd7 39. Rxa6 Rxc7 40. f4 Kc8 41. Ra8+ Kb7 42. Rf8 Kb6 43. Ke4 e6 44. Rb8+ Ka5 45. Ra8+ Kb4 46. Ke5 Rc5+ 47. Ke4 f5+ 48. Kf3 e5 49. fxe5 Rxe5 50. Rg8 Re6 51. Ra8 Rc6 52. Ra7 g5 53. Rg7 Rc3+ 54. Kf2 g4 55. Ra7 f4 56. a5 Rc2+ 57. Kf1 g3 58. Rf7 Rf2+ 0-1